5 Best, 5 Positions, 5 Years- Arsenal 1999-2004 - Statistics

General Stats
  • This quiz has been taken 39 times
  • The average score is 16 of 25
Answer Stats
Hint Answer % Correct
Centre-Forward1. France Thierry Henry
100%
2. Netherlands Denis Bergkamp
94%
2. Sweden Freddie Ljungberg
91%
Attacking-Midfielders 1. France Robert Pires
91%
Defensive/Central Midfielders1. France Patrick Vieira
88%
4. Ivory Coast Kolo Toure
82%
2. England Sol Campbell
82%
Full-Backs1. England Ashley Cole
79%
3. Netherlands Marc Overmars
79%
4. Nigeria Nwankwo Kanu
79%
Centre-Backs1. England Tony Adams
76%
3. Brazil Gilberto Silva
74%
2. France Emmanuel Petit
71%
5. Croatia Davor Suker
65%
2. Cameroon Lauren
65%
5. Spain Cesc Fabregas
56%
3. England Lee Dixon
56%
3. France Sylvain Wiltord
56%
3. England Martin Keown
47%
4. England Nigel Winterburn
38%
5. Brazil Edu
35%
4. England Ray Parlour
32%
5. Brazil Sylvinho
26%
5. France Pascal Cygan
24%
4. Netherlands Giovanni Van Bronckhorst
18%
No matching quizzes found
Score Distribution
Percent of People with Each Score
Percentile by Number Answered
Your Score History
You have not taken this quiz